Nerd Aa - Zz : your reference to figuratively everything you're always wanted to know
| Main Author: | |
|---|---|
| Format: | Book |
| Published: |
Washington :
National Geographic Kids ,
2019
|
| Subjects: |
MARC
| LEADER | 00000cam a2200000 7i4500 | ||
|---|---|---|---|
| 001 | 0000278793 | ||
| 005 | 20201006145327.0 | ||
| 020 | |a 9781426334740 | ||
| 090 | 0 | 0 | |a 503 |b RES |
| 100 | 1 | |a Resler, T.J. | |
| 245 | 1 | 0 | |a Nerd Aa - Zz : |b your reference to figuratively everything you're always wanted to know |c T.J. Resler |
| 260 | |a Washington : |b National Geographic Kids , |c 2019 | ||
| 300 | |a 176p. : |b col.,photos. ; |c 28cm. | ||
| 650 | 0 | |a Science |x Juvenile literature | |
| 999 | |a 00384504 |b BUKU |c JUNIOR BOOKS |e PERPUSTAKAAN KOMUNITI PETALING JAYA | ||